[Event "Pardubice op rapid 32nd"]
[Site "Pardubice"]
[Date "2021.07.22"]
[Round "8"]
[White "Bussard, Christian"]
[Black "Babula, Vlastimil1111"]
[Result "0-1"]
[WhiteElo "2251"]
[BlackElo "2086"]
[PlyCount "98"]
[EventDate "2021.07.21"]
[EventType "swiss (rapid)"]
[EventRounds "9"]
[EventCountry "CZE"]
[SourceTitle "CBM 203 Extra"]
[Source "ChessBase"]
[SourceDate "2021.09.30"]
[SourceVersion "1"]
[SourceVersionDate "2021.09.30"]
[SourceQuality "1"]

1. d4 Nf6 2. Bg5 g6 3. Bxf6 exf6 4. e3 f5 5. g3 Bg7 6. Bg2 d6 7. c3 0-0 8. Nd2 c6 9. Ne2 Be6 10. Nf4 Na6 11. 0-0 Qe7 12. Re1 Nc7 13. a4 a5 14. e4 fxe4 15. Nxe4 Qd8 16. Nxe6 Nxe6 17. d5 cxd5 18. Qxd5 Qb6 19. Re2 Rad8 20. Ng5 Nxg5 21. Qxg5 Rfe8 22. Rae1 Re5 23. Qd2 Rde8 24. Bf3 h5 25. h4 Rxe2 26. Rxe2 Rxe2 27. Qxe2 Be5 28. Bd5 Kg7 29. Kg2 Qc7 30. Qb5 b6 31. Qe8 Bf6 32. Kf3 Be5 33. Ke2 Bf6 34. Kd3 Be5 35. Bc6 Kf6 36. Kc4 d5+ 37. Kxd5 Bd6 38. Qh8+ Ke7 39. Qe8+ Kf6 40. Kc4 Bc5 41. f4 Qd6 42. Bd5 Qc7 43. Kb5 Bf2 44. b4 axb4 45. cxb4 Bxg3 46. Qh8+ Ke7 47. Qg7 Qxf4 48. Kxb6 Qxb4+ 49. Kc6 Qd6+ 0-1

[Event "NRW Class1 1819"]
[Site "Germany"]
[Date "2018.09.16"]
[Round "1.6"]
[White "Bussard, Christian"]
[Black "Paulus, Jeffrey"]
[Result "1-0"]
[WhiteElo "2244"]
[BlackElo "1975"]
[PlyCount "83"]
[EventDate "2018.09.16"]
[EventType "team-tourn"]
[EventRounds "9"]
[EventCountry "GER"]
[SourceTitle "EXT 2022"]
[Source "ChessBase"]
[SourceDate "2021.10.06"]
[SourceVersion "1"]
[SourceVersionDate "2021.10.06"]
[SourceQuality "1"]
[WhiteTeam "Niederkassel"]
[BlackTeam "Porz SG II"]
[WhiteTeamCountry "GER"]
[BlackTeamCountry "GER"]

1. d4 d5 2. Bf4 e6 3. e3 c5 4. c3 Nc6 5. Nf3 Qb6 6. Qb3 c4 7. Qc2 Bd7 8. Nbd2 Nf6 9. Be2 Nh5 10. Bg3 Nxg3 11. hxg3 g6 12. e4 Bg7 13. g4 Qc7 14. Nf1 b5 15. Ne3 Ne7 16. Nd2 dxe4 17. Nxe4 Bc6 18. Bf3 Qf4 19. a4 Nd5 20. axb5 Bxb5 21. Qd2 0-0 22. Nxd5 Qxd2+ 23. Nxd2 exd5 24. Bxd5 Rfe8+ 25. Kd1 Rad8 26. Bf3 Re7 27. Re1 Rc7 28. Kc2 h6 29. Ne4 Bf8 30. Nf6+ Kg7 31. Ra5 a6 32. Rxb5 axb5 33. Ne8+ Rxe8 34. Rxe8 b4 35. Rb8 b3+ 36. Kd2 Be7 37. Rb7 Bg5+ 38. Kd1 Rc8 39. Bd5 Kh8 40. Rxf7 h5 41. gxh5 gxh5 42. Ra7 1-0

[Event "GER-ch 88th"]
[Site "Apolda"]
[Date "2017.06.27"]
[Round "5"]
[White "Meister, Jakob"]
[Black "Bussard, Christian"]
[Result "1-0"]
[WhiteElo "2433"]
[BlackElo "2251"]
[PlyCount "81"]
[EventDate "2017.06.23"]
[EventType "swiss"]
[EventRounds "9"]
[EventCountry "GER"]
[SourceTitle "CBM 179 Extra"]
[Source "ChessBase"]
[SourceDate "2017.08.23"]
[SourceVersion "1"]
[SourceVersionDate "2017.08.23"]
[SourceQuality "1"]

1. e4 e5 2. Nc3 Nf6 3. g3 d5 4. exd5 Nxd5 5. Bg2 Nxc3 6. bxc3 Bc5 7. Qh5 0-0 8. Nf3 g6 9. Qh6 Qf6 10. 0-0 Nc6 11. Rb1 Re8 12. d3 Bf8 13. Qe3 Rb8 14. Ng5 h6 15. Ne4 Qe7 16. Rb3 Bg7 17. Ba3 Qd8 18. Nc5 Na5 19. Na6 Nxb3 20. Nxb8 Bf5 21. Nc6 bxc6 22. axb3 Qa8 23. Bc5 a6 24. Ra1 Qb7 25. Ra4 Bd7 26. Qe4 Qb5 27. Qc4 Be6 28. Qxb5 axb5 29. Ra7 Bd5 30. Rxc7 Bxg2 31. Kxg2 Re6 32. c4 bxc4 33. dxc4 e4 34. Rc8+ Kh7 35. b4 Bc3 36. b5 cxb5 37. cxb5 Ba5 38. c4 Bb6 39. Bxb6 Rxb6 40. Rc6 Rb7 41. b6 1-0

[Event "GER-ch 88th"]
[Site "Apolda"]
[Date "2017.06.26"]
[Round "4"]
[White "Bussard, Christian"]
[Black "Fuchs, Florian"]
[Result "1/2-1/2"]
[WhiteElo "2251"]
[BlackElo "2335"]
[PlyCount "80"]
[EventDate "2017.06.23"]
[EventType "swiss"]
[EventRounds "9"]
[EventCountry "GER"]
[SourceTitle "CBM 179 Extra"]
[Source "ChessBase"]
[SourceDate "2017.08.23"]
[SourceVersion "1"]
[SourceVersionDate "2017.08.23"]
[SourceQuality "1"]

1. d4 Nf6 2. Bg5 e6 3. e4 c5 4. d5 exd5 5. exd5 d6 6. Qe2+ Qe7 7. Bxf6 gxf6 8. Qxe7+ Bxe7 9. Bd3 Nd7 10. f4 Nb6 11. c4 Na4 12. b3 f5 13. Nd2 Bf6 14. Rc1 Nc3 15. Rc2 b5 16. Ne2 Nxe2 17. Kxe2 b4 18. Re1 0-0 19. Kf3 a5 20. Nf1 a4 21. Ng3 Bh4 22. Ree2 axb3 23. axb3 Ra3 24. Rb2 Bxg3 25. Kxg3 Kg7 26. Re7 Kf6 27. Rc7 Rd8 28. Kf2 Bd7 29. Bb1 Be8 30. Ke1 Rda8 31. Kd1 R8a7 32. Rxa7 Rxa7 33. Re2 Bd7 34. Re3 Ra1 35. Kc1 Ra8 36. Rh3 Rg8 37. g3 Kg7 38. Rh5 Re8 39. Kd2 h6 40. Bc2 Re7 1/2-1/2

[Event "GER-ch 88th"]
[Site "Apolda"]
[Date "2017.06.23"]
[Round "1"]
[White "Bussard, Christian"]
[Black "Keymer, Vincent"]
[Result "1/2-1/2"]
[WhiteElo "2251"]
[BlackElo "2411"]
[PlyCount "104"]
[EventDate "2017.06.23"]
[EventType "swiss"]
[EventRounds "9"]
[EventCountry "GER"]
[SourceTitle "CBM 179 Extra"]
[Source "ChessBase"]
[SourceDate "2017.08.23"]
[SourceVersion "1"]
[SourceVersionDate "2017.08.23"]
[SourceQuality "1"]

1. e4 c5 2. Nf3 e6 3. d4 cxd4 4. Nxd4 a6 5. Bd3 Nf6 6. 0-0 Qc7 7. Qe2 d6 8. c4 g6 9. Nc3 Bg7 10. Be3 0-0 11. f3 Nc6 12. Nxc6 bxc6 13. Rac1 Nd7 14. Rfd1 c5 15. Bb1 Bb7 16. Kh1 Ne5 17. b3 Rad8 18. Qf2 f5 19. Qg3 Kh8 20. Qh3 f4 21. Bd2 Qe7 22. Rg1 Bc8 23. g4 fxg3 24. Rxg3 d5 25. Bg5 Bf6 26. Bh6 d4 27. Ne2 d3 28. Bxf8 Rxf8 29. Ng1 Bh4 30. Rd1 Bxg3 31. Qxg3 Nc6 32. Bxd3 e5 33. Bf1 Nd4 34. Bg2 Bb7 35. Nh3 Qf6 36. Ng1 Rd8 37. Qe1 Rf8 38. Qg3 Kg7 39. Rd2 Bc6 40. Rd1 h5 41. Qe1 g5 42. Qa5 g4 43. fxg4 hxg4 44. Qxc5 Nf3 45. Rd6 Qf4 46. Bxf3 gxf3 47. Qxc6 f2 48. Rg6+ Kh7 49. Rg2 Qf6 50. Qd7+ Rf7 51. Qh3+ Qh6 52. Qg3 Qf6 1/2-1/2

[Event "Mittelrhein Verbandsliga-M 16/17"]
[Site "Nordrheinwestfalen"]
[Date "2017.03.19"]
[Round "9.1"]
[White "Bussard, Christian"]
[Black "Bosbach, Stefan"]
[Result "1/2-1/2"]
[WhiteElo "2221"]
[BlackElo "2048"]
[PlyCount "147"]
[EventDate "2016.09.11"]
[EventType "team-tourn"]
[EventRounds "11"]
[EventCountry "GER"]
[SourceTitle "EXT 2022"]
[Source "ChessBase"]
[SourceDate "2021.10.06"]
[SourceVersion "1"]
[SourceVersionDate "2021.10.06"]
[SourceQuality "1"]
[WhiteTeam "Niederkassel III"]
[BlackTeam "Bergische SF"]
[WhiteTeamCountry "GER"]
[BlackTeamCountry "GER"]

1. Nf3 c5 2. e4 Nc6 3. Bb5 e6 4. Bxc6 bxc6 5. e5 d5 6. exd6 Bxd6 7. 0-0 Nf6 8. d3 0-0 9. Nc3 Ba6 10. b3 Qc7 11. Bg5 Nd5 12. Ne4 h6 13. Nxd6 Qxd6 14. Be3 f5 15. Qc1 f4 16. Bd2 g5 17. Re1 Rf5 18. Qa3 Nc7 19. Bc3 Nb5 20. Qb2 Rd8 21. Re4 Bc8 22. Rae1 Qf8 23. Ne5 Qe8 24. Ng4 Qg6 25. a4 Nd6 26. Re5 Nf7 27. Rxf5 Qxf5 28. Bh8 Qg6 29. Ne5 Nxe5 30. Qxe5 Qf7 31. Qc3 Kh7 32. Qf6 Qxf6 33. Bxf6 Rd5 34. f3 Kg6 35. Be5 Kf7 36. Kf2 a6 37. Re4 Kg6 38. Ke1 Kf5 39. Bg7 h5 40. Rc4 g4 41. fxg4+ hxg4 42. Bf8 Bd7 43. Bxc5 Be8 44. Kf2 Rd7 45. Rb4 Rh7 46. Kg1 e5 47. Rb8 Bh5 48. Rb6 Rh6 49. Bf2 g3 50. hxg3 Bd1 51. c4 Rg6 52. gxf4 exf4 53. Kf1 Re6 54. d4 Bc2 55. a5 Bd3+ 56. Kg1 f3 57. Bg3 Kg4 58. Be5 Be4 59. Rb8 fxg2 60. Rf8 Bc2 61. Kxg2 Bxb3 62. c5 Bd5+ 63. Kf2 Re7 64. Ke3 Rf7 65. Rg8+ Kf5 66. Kd3 Ke6 67. Kc3 Rf3+ 68. Kb4 Rb3+ 69. Ka4 Rb2 70. Rd8 Kf5 71. Ra8 Ke4 72. Rxa6 Kd3 73. Rb6 Ra2+ 74. Kb4 1/2-1/2

[Event "Bayern-chI Bank Hofmann 20th"]
[Site "Bad Wiessee"]
[Date "2016.11.05"]
[Round "8"]
[White "Pap, Misa"]
[Black "Bussard, Christian"]
[Result "1-0"]
[WhiteElo "2489"]
[BlackElo "2185"]
[PlyCount "88"]
[EventDate "2016.10.29"]
[EventType "swiss"]
[EventRounds "9"]
[EventCountry "GER"]
[SourceTitle "CBM 175 Extra"]
[Source "ChessBase"]
[SourceDate "2016.12.12"]
[SourceVersion "1"]
[SourceVersionDate "2016.12.12"]
[SourceQuality "1"]

1. e4 e5 2. Nf3 d6 3. d4 exd4 4. Qxd4 a6 5. Bf4 Nc6 6. Qd2 Nf6 7. Nc3 Be7 8. 0-0-0 0-0 9. h3 b5 10. Bd3 Nb4 11. Be2 Bb7 12. a3 Nc6 13. g4 Ne5 14. Qe3 Ng6 15. g5 Nh5 16. Bh2 f5 17. h4 fxe4 18. Nd4 Nhf4 19. Bg4 Ng2 20. Qg3 N2xh4 21. Ne6 Bxg5+ 22. Kb1 Qf6 23. Nxg5 Rae8 24. Nd5 Bxd5 25. Rxd5 h6 26. Nh3 Ne5 27. Be2 g5 28. Qb3 Kh8 29. Qc3 Nc4 30. Bxc4 Qxc3 31. bxc3 bxc4 32. Nxg5 Rxf2 33. Nxe4 Rxe4 34. Bg3 Rff4 35. Bxf4 Rxf4 36. Ra5 Kg7 37. Rxa6 Nf3 38. Ra7 Rf7 39. a4 Nd2+ 40. Kb2 Ne4 41. a5 Nc5 42. Ra1 h5 43. a6 Kh7 44. Rb7 Rf2 1-0

[Event "Schwert von Luelsdorf op 27th"]
[Site "Niederkassel"]
[Date "2016.09.04"]
[Round "6"]
[White "Bussard, Christian"]
[Black "Marcziter, Dmitrii"]
[Result "1/2-1/2"]
[WhiteElo "2185"]
[BlackElo "2275"]
[PlyCount "108"]
[EventDate "2016.09.04"]
[EventType "swiss (rapid)"]
[EventRounds "9"]
[EventCountry "GER"]
[SourceTitle "CBM 174 Extra"]
[Source "ChessBase"]
[SourceDate "2016.10.10"]
[SourceVersion "1"]
[SourceVersionDate "2016.10.10"]
[SourceQuality "1"]

1. d4 c5 2. c3 d5 3. Nf3 Nc6 4. e3 Nf6 5. Nbd2 e6 6. Bd3 Bd6 7. 0-0 0-0 8. Re1 e5 9. dxe5 Nxe5 10. Nxe5 Bxe5 11. Nf3 Bc7 12. h3 Be6 13. Qc2 h6 14. Bf5 Qd7 15. Bxe6 Qxe6 16. b3 Rad8 17. Bb2 c4 18. Ba3 Rfe8 19. Bc5 Ne4 20. Bd4 a5 21. bxc4 dxc4 22. Rab1 Qc6 23. a4 b6 24. Rb5 Rd5 25. Reb1 Rxb5 26. Rxb5 f6 27. Qb1 Re6 28. Qc2 Qd6 29. Qa2 Qc6 30. Qc2 Nd6 31. Rh5 Ne4 32. Rb5 Ng5 33. Nxg5 hxg5 34. Qf5 Kf7 35. Qd5 Qxd5 36. Rxd5 Ke7 37. Kf1 Rc6 38. Rb5 Ke6 39. Ke2 g6 40. Kf3 f5 41. g4 Rd6 42. e4 fxe4+ 43. Kxe4 Rd8 44. Rxg5 Kf7 45. Rd5 Re8+ 46. Be5 Bxe5 47. Rxe5 Rh8 48. Rb5 Rxh3 49. f3 Rh2 50. Rxb6 Ra2 51. Ke5 Re2+ 52. Kd4 Rf2 53. Ke4 Ra2 54. Ke5 Re2+ 1/2-1/2

[Event "Cologne Longerich op-A 13th"]
[Site "Cologne"]
[Date "2016.08.13"]
[Round "2"]
[White "Bussard, Christian"]
[Black "Speck, Stefan"]
[Result "1-0"]
[WhiteElo "2195"]
[BlackElo "2002"]
[PlyCount "61"]
[EventDate "2016.08.12"]
[EventType "swiss"]
[EventRounds "5"]
[EventCountry "GER"]
[SourceTitle "EXT 2022"]
[Source "ChessBase"]
[SourceDate "2021.10.06"]
[SourceVersion "1"]
[SourceVersionDate "2021.10.06"]
[SourceQuality "1"]

1. e4 c5 2. Nf3 e6 3. d4 cxd4 4. Nxd4 Nc6 5. Be2 Qc7 6. 0-0 Nf6 7. Nc3 a6 8. a3 Nxd4 9. Qxd4 Bc5 10. Qd3 h5 11. Qg3 Qxg3 12. hxg3 Bd4 13. Bf3 Bxc3 14. bxc3 e5 15. c4 0-0 16. c5 Rb8 17. Rb1 Re8 18. Rb6 Re6 19. Rd1 Rc6 20. Bg5 Nh7 21. Be7 g6 22. Be2 Ra8 23. Bc4 Kg7 24. Rd6 Rxc5 25. Rxg6+ fxg6 26. Bxc5 Nf6 27. Bd6 Nxe4 28. Bxe5+ Kh6 29. Bd3 d6 30. Bxe4 dxe5 31. Rxg6+ 1-0

[Event "Cologne Longerich op-A 13th"]
[Site "Cologne"]
[Date "2016.08.13"]
[Round "3"]
[White "Spindler, Florian"]
[Black "Bussard, Christian"]
[Result "0-1"]
[WhiteElo "1906"]
[BlackElo "2195"]
[PlyCount "134"]
[EventDate "2016.08.12"]
[EventType "swiss"]
[EventRounds "5"]
[EventCountry "GER"]
[SourceTitle "EXT 2022"]
[Source "ChessBase"]
[SourceDate "2021.10.06"]
[SourceVersion "1"]
[SourceVersionDate "2021.10.06"]
[SourceQuality "1"]

1. d4 Nf6 2. c4 e6 3. Nf3 b6 4. Nc3 Bb7 5. g3 Bb4 6. Bd2 0-0 7. Bg2 c5 8. 0-0 cxd4 9. Nxd4 Bxg2 10. Kxg2 Qc8 11. Qb3 Qb7+ 12. Kg1 Bc5 13. Nf3 Nc6 14. Bg5 Na5 15. Qc2 Be7 16. b3 h6 17. Bc1 Rac8 18. Qd3 Rfd8 19. Bb2 Nc6 20. e4 Nb4 21. Qe2 d6 22. Rfd1 Ne8 23. Rd2 Bf6 24. Rad1 a6 25. e5 dxe5 26. Rxd8 Rxd8 27. Rxd8 Bxd8 28. Nxe5 Bc7 29. Nd3 Nxd3 30. Qxd3 Nf6 31. Ba3 Qc6 32. Be7 Nd7 33. Qe4 Qxe4 34. Nxe4 f5 35. Nd6 Bxd6 36. Bxd6 e5 37. f3 Kf7 38. Kf2 Ke6 39. Ba3 g5 40. Ke3 h5 41. h3 Nf6 42. Bb2 f4+ 43. Kf2 fxg3+ 44. Kxg3 Kf5 45. Bc1 e4 46. Be3 exf3 47. Kxf3 g4+ 48. hxg4+ hxg4+ 49. Ke2 Nd7 50. b4 Ke4 51. a4 g3 52. Bg1 Ne5 53. c5 b5 54. axb5 axb5 55. Kf1 Kf3 56. Bd4 Nc6 57. Bc3 g2+ 58. Kg1 Kg3 59. Be1+ Kh3 60. Bc3 Kg3 61. Be1+ Kf3 62. Bc3 Nd8 63. Bf6 Ne6 64. Be5 Ng5 65. Bd4 Kg3 66. Be5+ Kh3 67. Kf2 Nf3 0-1

[Event "NRW Class2 1516"]
[Site "Germany"]
[Date "2016.01.10"]
[Round "5.2"]
[White "Schmitz, Philipp"]
[Black "Bussard, Christian"]
[Result "1/2-1/2"]
[WhiteElo "2143"]
[BlackElo "2156"]
[PlyCount "94"]
[EventDate "2015.09.27"]
[EventType "team-tourn"]
[EventRounds "9"]
[EventCountry "GER"]
[SourceTitle "EXT 2017"]
[Source "ChessBase"]
[SourceDate "2016.10.25"]
[SourceVersion "1"]
[SourceVersionDate "2016.10.25"]
[SourceQuality "1"]
[WhiteTeam "Lieme"]
[BlackTeam "Niederkassel"]
[WhiteTeamCountry "GER"]
[BlackTeamCountry "GER"]

1. e4 e5 2. Nf3 d6 3. d4 exd4 4. Nxd4 Nf6 5. Nc3 Be7 6. Bf4 0-0 7. Be2 Re8 8. 0-0 Bf8 9. Bf3 Nbd7 10. Re1 Ne5 11. Nd5 c6 12. Nc3 Qb6 13. Nb3 Be6 14. Be3 Qc7 15. Nd4 h6 16. a4 Qd7 17. Bf4 Nxf3+ 18. Qxf3 Bg4 19. Qd3 Bh5 20. Nf5 d5 21. exd5 Nxd5 22. Nxd5 cxd5 23. Ne3 Bg6 24. Qxd5 Qxd5 25. Nxd5 Rxe1+ 26. Rxe1 Bxc2 27. a5 Rd8 28. Ne3 Bb3 29. h3 Bb4 30. a6 bxa6 31. Ra1 Bd6 32. Bxd6 Rxd6 33. Ra3 Be6 34. f4 Rb6 35. f5 Bb3 36. Kf2 f6 37. Ke2 Bf7 38. Kd3 Rxb2 39. Rxa6 Ra2 40. Rc6 a5 41. Rc8+ Kh7 42. Rc7 Bg8 43. g4 Rh2 44. Ra7 Rxh3 45. Rxa5 Bc4+ 46. Ke4 Be2 47. Ra7 Rxe3+ 1/2-1/2

[Event "Niedersachsen-ch op"]
[Site "Verden"]
[Date "2016.01.04"]
[Round "3"]
[White "Bussard, Christian"]
[Black "Kuegel, Tobias"]
[Result "1/2-1/2"]
[WhiteElo "2177"]
[BlackElo "2243"]
[PlyCount "36"]
[EventDate "2016.01.03"]
[EventType "swiss"]
[EventRounds "7"]
[EventCountry "GER"]
[SourceTitle "EXT 2018"]
[Source "ChessBase"]
[SourceDate "2017.10.13"]
[SourceVersion "1"]
[SourceVersionDate "2017.10.13"]
[SourceQuality "1"]

1. d4 Nf6 2. c4 Nc6 3. Nf3 d6 4. Nc3 e5 5. dxe5 Nxe5 6. Nxe5 dxe5 7. Qxd8+ Kxd8 8. Bg5 c6 9. 0-0-0+ Kc7 10. a3 Be6 11. e3 Nd7 12. Ne4 Nc5 13. Nxc5 Bxc5 14. Be2 f6 15. Bh4 Rhd8 16. Bg3 Rxd1+ 17. Rxd1 Rd8 18. Rxd8 Kxd8 1/2-1/2

[Event "NRW Class1 1415"]
[Site "Germany"]
[Date "2015.02.08"]
[Round "6.3"]
[White "Kaufeld, Juergen"]
[Black "Bussard, Christian"]
[Result "1/2-1/2"]
[WhiteElo "2227"]
[BlackElo "2125"]
[PlyCount "120"]
[EventDate "2014.09.14"]
[EventType "team-tourn"]
[EventRounds "9"]
[EventCountry "GER"]
[SourceTitle "EXT 2017"]
[Source "ChessBase"]
[SourceDate "2016.10.25"]
[SourceVersion "1"]
[SourceVersionDate "2016.10.25"]
[SourceQuality "1"]
[WhiteTeam "Oberhausen"]
[BlackTeam "Niederkassel"]
[WhiteTeamCountry "GER"]
[BlackTeamCountry "GER"]

1. d4 Nf6 2. c4 g6 3. g3 Bg7 4. Bg2 0-0 5. Nf3 d6 6. 0-0 Nbd7 7. Nc3 e5 8. e4 c6 9. h3 Qc7 10. Be3 Re8 11. Qc2 Nf8 12. Rfd1 Ne6 13. d5 cxd5 14. cxd5 Nf8 15. Rac1 Bd7 16. Qb3 Qa5 17. a4 Rec8 18. Nd2 Ne8 19. Nc4 Qd8 20. Qb4 Qe7 21. Na5 b6 22. Nc6 Qf6 23. Rd3 Bxc6 24. dxc6 Rxc6 25. Rcd1 Rac8 26. Nb5 Qe7 27. Qa3 Ne6 28. h4 Bf8 29. Nc3 Qb7 30. Nd5 N6c7 31. Bh3 Rd8 32. Bg5 Rb8 33. Rf3 Nxd5 34. Rxd5 Rc4 35. Qb3 Rxe4 36. Rd1 Rb4 37. Qe3 Qe4 38. Qc3 Rc4 39. Qb3 Qc2 40. a5 Qxb3 41. Rxb3 Rc5 42. axb6 Rxb6 43. Rxb6 axb6 44. Be3 Rc2 45. b4 Rb2 46. Rc1 f5 47. Rc8 Kf7 48. Bg2 Nf6 49. Bf1 Rxb4 50. Rc7+ Ke6 51. Ba6 Be7 52. Bg5 d5 53. Rc6+ Kf7 54. Bc8 Rc4 55. Be6+ Kg7 56. Rxb6 Rc7 57. Bxf6+ Bxf6 58. Bxd5 e4 59. Rb7 Rxb7 60. Bxb7 Bd4 1/2-1/2